000 01135nam a22002537a 4500
005 20240208175325.0
008 240208b |||||||| |||| 00| 0 eng d
020 _a9580436355
037 _3Donación
040 _aCO-JMCR
_cCO-JMCR
_dCO-JMCR
_erda
041 _aspa
082 _223
_a158.3
_bC54e
100 _aChopra, Gautama
_eautor
_943278
245 _aEl niño del alba:
_bUn viaje magico hacia el despertar /
_cGautama Chopra; traducción de Adriana de Hassan
246 _aChild of the dawn
260 _aBogotá:
_bNorma,
_c1996
300 _a223 páginas;
_c19 cm.
520 _aLibro El niño del alba. Se trata de un relato acerca de un niño que busca el significado d la vida y el poder, estaba extraviado. De alguna manera, durante su corta vida, había perdido el rumbo. Es una parábola basada en el bestseller internacional, Las siete leyes espirituales del éxito. Libro El niño del alba.
650 _2JMCR
_aAutoayuda
_vHistoria
_943279
650 _2JMCR
_aSignificado de la vida
_943280
650 _2JMCR
_aLeyes espirituales
_xexito
_943281
700 _aHassan, Adriana
_913857
942 _2ddc
_cBK
999 _c30532
_d16916